[Event "Alzira op 12th"]
[Site "Alzira"]
[Date "2022.12.29"]
[Round "6"]
[White "Piris Ferrandis, Asier"]
[Black "Bellota Ichaso, Josue"]
[Result "1/2-1/2"]
[WhiteElo "1604"]
[BlackElo "1605"]
[PlyCount "128"]
[EventDate "2022.12.27"]
[EventType "swiss"]
[EventRounds "8"]
[EventCountry "ESP"]
[SourceTitle "CBM 212 Extra"]
[Source "ChessBase"]
[SourceDate "2023.03.31"]
[SourceVersion "1"]
[SourceVersionDate "2023.03.31"]
[SourceQuality "1"]

1. e4 e6 2. d4 d5 3. exd5 exd5 4. Bd3 Bd6 5. Qf3 Nc6 6. c3 Nge7 7. Ne2 Be6 8. 0-0 Qd7 9. h3 0-0-0 10. Bf4 h6 11. Bxd6 Qxd6 12. b4 g5 13. Ng3 Qd7 14. Nd2 g4 15. hxg4 Bxg4 16. Qf6 h5 17. Rfe1 Be6 18. Nf3 h4 19. Nxh4 Rdg8 20. Nf3 Ng6 21. Bxg6 Rh6 22. b5 Nd8 23. Ne5 Qxb5 24. Bd3 Rxf6 25. Bxb5 Rh8 26. Bd3 Rfh6 27. Kf1 Re8 28. Ke2 Rh2 29. Kf3 f6 30. Ng6 Nf7 31. Bf5 Ng5+ 32. Kf4 Rxg2 33. Bxe6+ Nxe6+ 34. Kf3 Rh2 35. Nf5 Rh5 36. Nfe7+ Kd7 37. Rxe6 Kxe6 38. Nf4+ Kxe7 39. Nxh5 Rh8 40. Re1+ Kd6 41. Nf4 Kc6 42. Re6+ Kb5 43. Rxf6 Kc4 44. Ne2 Kd3 45. Re6 Rf8+ 46. Kg2 Rg8+ 47. Kf1 c6 48. Re3+ Kc2 49. f4 Kb2 50. f5 Rf8 51. Rf3 Kxa2 52. f6 a5 53. f7 a4 54. Nc1+ Kb1 55. Nd3 a3 56. Nb4 b6 57. Rf2 c5 58. Na2 Rxf7 59. Rxf7 Kxa2 60. dxc5 bxc5 61. Rb7 d4 62. cxd4 cxd4 63. Ke2 Ka1 64. Kd3 a2 1/2-1/2

[Event "Alzira op 12th"]
[Site "Alzira"]
[Date "2022.12.28"]
[Round "4"]
[White "Gerona Maura, Jesus"]
[Black "Bellota Ichaso, Josue"]
[Result "0-1"]
[WhiteElo "1690"]
[BlackElo "1605"]
[PlyCount "100"]
[EventDate "2022.12.27"]
[EventType "swiss"]
[EventRounds "8"]
[EventCountry "ESP"]
[SourceTitle "CBM 212 Extra"]
[Source "ChessBase"]
[SourceDate "2023.03.31"]
[SourceVersion "1"]
[SourceVersionDate "2023.03.31"]
[SourceQuality "1"]

1. e4 e6 2. Nf3 d5 3. Nc3 Nf6 4. e5 Nfd7 5. d4 a6 6. Bd3 c5 7. dxc5 Bxc5 8. 0-0 Nc6 9. Re1 b5 10. Qe2 Nb4 11. a3 Nxd3 12. Qxd3 Qb6 13. Re2 Bb7 14. b4 Be7 15. Be3 Qc7 16. Bd4 0-0 17. Qe3 Bc6 18. Nd2 a5 19. Rb1 Rfb8 20. f4 axb4 21. axb4 Ra3 22. f5 Bf8 23. fxe6 fxe6 24. Qh3 Re8 25. Nxd5 Bxd5 26. Qxa3 Qxc2 27. Qe3 Be7 28. h3 Ra8 29. Rb2 Ra1+ 30. Re1 Qg6 31. Nf3 Rxe1+ 32. Nxe1 Bg5 33. Qd3 Qe4 34. Re2 Qxd3 35. Nxd3 Bc4 36. Rc2 Bxd3 37. Rc8+ Kf7 38. Rc7 Ke8 39. Kf2 Be4 40. g3 Bd8 41. Rc8 Bb7 42. Rc3 Bd5 43. Rc2 Nb6 44. h4 Nc4 45. Rc1 Be7 46. Bc3 Kf7 47. Ke2 Bd8 48. Rf1+ Kg6 49. Rf8 Bc7 50. Rc8 Bxe5 0-1